| 000 | 00686nam a22002177a 4500 | ||
|---|---|---|---|
| 999 |
_c16626 _d16626 |
||
| 003 | AR-CdUCM | ||
| 008 | 190504b ||||| |||| 00| 0 spa d | ||
| 040 |
_aMUNICIPALIDAD PROVINCIAL DEL CUSCO _cBIBLIOTECA MUNICIPAL DEL CUSCO |
||
| 082 |
_a869.26 / _bSA14 |
||
| 100 |
_aSáenz , Dalmiro A. _936182 |
||
| 245 |
_aTreinta treinta : _bcuentos / |
||
| 260 |
_aBuenos Aires : _bEmecé, _c1963. |
||
| 300 |
_a161 páginas ; _c19 cm. |
||
| 440 |
_aNovelistas Argentinos Contemporáneos. _936183 |
||
| 505 | _aContenido: Cuentos. | ||
| 650 |
_aLiteratura Argentina _984 |
||
| 650 |
_aCuentos Argentinos _92794 |
||
| 650 |
_aSiglo XX _98 |
||
| 942 |
_2ddc _cLIBROS |
||
| 945 |
_aachl _d2019-05-04 |
||